Dvojnyje i trojnyje karbidnyje i nitridnyje sistemy perechodnych metallov /

Salvato in:
Dettagli Bibliografici
Autore principale: Holleck, Helmut (Autore)
Natura: Libro
Pubblicazione: Moskva : Metallurgija, 1988
Tags: Aggiungi Tag
Nessun Tag, puoi essere il primo ad aggiungerne!!

MARC

LEADER 00000nam a22000003a 4500
001 stu48313
005 20150617225708.4
008 ------s1988----xxr---------------------d
040 |a STU  |b slo 
041 0
044 |a xxr 
080 |a 661.8...41 
100 1 |a Holleck, Helmut  |4 aut 
245 1 |a Dvojnyje i trojnyje karbidnyje i nitridnyje sistemy perechodnych metallov /  |c [aut.] Holleck,Helmut 
260 |a Moskva :  |b Metallurgija,  |c 1988 
300 |a 318 s 
996 |b J82779  |c J*82779/K 13  |l JJK13  |s P  |a 0  |w stu48313_0001